| 000 | 00769nam a2200253Ia 4500 | ||
|---|---|---|---|
| 003 | OSt | ||
| 005 | 20220927103134.0 | ||
| 006 | a|||||r|||| 00| 0 | ||
| 007 | ta | ||
| 008 | 220926b |||||||| |||| 00| 0 eng d | ||
| 024 | _a43628 | ||
| 037 | _cReference Collections | ||
| 040 |
_aRTL _cRTL _beng |
||
| 041 |
_2eng _aeng |
||
| 082 | _a"X:16.23.N8, M1/UN" | ||
| 100 |
_aVisaria Pravin _9353494 |
||
| 245 | 0 | _aSize of land holding living standards and employme | |
| 260 |
_aWashington _bWorld Bank _c1981 |
||
| 300 |
_a117p _ccm. |
||
| 490 | _aWorld Bank Staff Working Paper. 459 | ||
| 650 | _aStandard of Living Economics | ||
| 942 |
_h"X:16.23.N8, M1/UN" _cCC |
||
| 999 |
_c680790 _d680790 |
||